000 00583nam a2200277Ia 4500
005 20260401122256.0
008 008 250103s9999 xx 000 0 eng d
020 _a9727108
037 _aTB
040 _aEDL
040 _beng
040 _cEDL
041 _2eng
041 _aeng
084 _a891.4 SEN
084 _qEDL
245 0 _aFavourite Fiction: Stories From South Asia
260 _aNew Delhi
260 _bTLM
260 _c2005
300 _a292p
942 _cTB
942 _h891.4 SEN
999 _c1846153
_d1846153